The Ingenious Gentleman Don Quixote of la Mancha (Record no. 3083)

MARC details
000 -CABECERA
campo de control de longitud fija 01582nam a2200301 a 4500
001 - NÚMERO DE CONTROL
campo de control BRCA_3347
005 - FECHA Y HORA DE LA ÚLTIMA TRANSACCIÓN
campo de control 20190320204233.0
008 - DATOS DE LONGITUD FIJA--INFORMACIÓN GENERAL
campo de control de longitud fija 250309s1887----nyu#---###---#000-0#eng-#
041 ## - CÓDIGO DE LENGUA
Código de lengua del texto/banda sonora o título independiente eng
044 ## - CÓDIGO DEL PAÍS DE LA ENTIDAD EDITORA/PRODUCTORA
Código MARC del país nyu
084 ## - OTRO NÚMERO DE CLASIFICACIÓN
Número de clasificación 641
Número de documento/Ítem .D63
-- 1887
100 1# - ENTRADA PRINCIPAL--NOMBRE DE PERSONA
Nombre de persona Cervantes Saavedra, Miguel de
Fechas asociadas al nombre 1547-1616
9 (RLIN) 213
245 10 - MENCIÓN DE TÍTULO
Título The Ingenious Gentleman Don Quixote of la Mancha
Mención de responsabilidad, etc. By Miguel de Cervantes Saavedra; A Translation with Introduction and Notes by John Ormsby.
260 ## - PUBLICACIÓN, DISTRIBUCIÓN, ETC.
Lugar de publicación, distribución, etc. Nueva York
Nombre del editor, distribuidor, etc. Mead Dodd and Co.
Fecha de publicación, distribución, etc. 1887
300 ## - DESCRIPCIÓN FÍSICA
Extensión 4 v.
Dimensiones 23 cm.
500 ## - NOTA GENERAL
Nota general Contenido : v.1. Primera parte. Introducción biográfica de Cervantes y Don Quijote. Prólogo del autor. Versos preliminares. Notas. -- v.2. Primera parte. Texto. -- v.3. Segunda parte. Prólogo del autor. -- v.4. Segunda parte. Texto. Apéndices: I. Proverbios de Don Quijote II. Libros de caballería españoles III. Bibliografía de las ediciones y traducciones del Quijote
500 ## - NOTA GENERAL
Nota general Ejemplar igual al anterior [640], pero sin el escudo de la edición príncipe en la portada. Numerado con el número 44. Excelente impresión sobre papel de hilo Lúdovik Osterc
500 ## - NOTA GENERAL
Nota general QM486A
546 ## - NOTA DE LENGUA/LENGUAJE
Nota de lengua/lenguaje Texto en : inglés
650 14 - PUNTO DE ACCESO ADICIONAL DE MATERIA--TÉRMINO DE MATERIA
Término de materia o nombre geográfico como elemento de entrada Novela española
Subdivisión cronológica Época clásica, 1500-1700
9 (RLIN) 215
650 14 - PUNTO DE ACCESO ADICIONAL DE MATERIA--TÉRMINO DE MATERIA
Término de materia o nombre geográfico como elemento de entrada Literatura española
Subdivisión cronológica Época clásica, 1500-1700
9 (RLIN) 216
650 14 - PUNTO DE ACCESO ADICIONAL DE MATERIA--TÉRMINO DE MATERIA
Término de materia o nombre geográfico como elemento de entrada Novela española
Subdivisión cronológica Siglo XVII
9 (RLIN) 217
650 14 - PUNTO DE ACCESO ADICIONAL DE MATERIA--TÉRMINO DE MATERIA
Término de materia o nombre geográfico como elemento de entrada Don Quijote (Personaje ficticio)
Término indicativo de función/relación Novela
9 (RLIN) 218
700 1# - PUNTO DE ACCESO ADICIONAL--NOMBRE DE PERSONA
Nombre de persona Ormsby, John
Fechas asociadas al nombre 1829-1895
Término indicativo de función/relación Editor
9 (RLIN) 8834
740 0# - PUNTO DE ACCESO ADICIONAL--TÍTULO RELACIONADO O ANALÍTICO NO CONTROLADO
Título relacionado o analítico no controlado El Ingenioso Hidalgo Don Quijote de la Mancha
902 ## - CATALOGADOR
Iniciales QFM
942 ## - ELEMENTOS DE PUNTO DE ACCESO ADICIONAL (KOHA)
Fuente del sistema de clasificación o colocación Library of Congress Classification
Tipo de ítem Koha Libros
Holdings
Estado de retiro Estado de pérdida Estado dañado No para préstamo Localización permanente Ubicación/localización actual Fecha de adquisición Número de inventario Total de préstamos Signatura topográfica completa Código de barras Fecha visto por última vez Precio válido a partir de Tipo de ítem Koha
El ejemplar forma parte de la colección y puede ser consultado según las políticas vigentes.       Biblioteca del Museo Franz Mayer (Rogerio Casas-Alatriste) Biblioteca del Museo Franz Mayer (Rogerio Casas-Alatriste) 25/03/2009 QM486A   641 .D63 1887 (QM486A) 3344 22/03/2019 22/03/2019 Libros